Dva středy však jeden kruh Hovory o lásce a manželství
| Main Author: | |
|---|---|
| Other Authors: | |
| Format: | Book |
| Language: | Czech Italian English |
| PhysicalDescription: | 233 s. 20 cm |
| Published: |
Řím
Křesťanská akademie
1973
|
MARC
| LEADER | 00000cam a2200000 a 4500 | ||
|---|---|---|---|
| 001 | vtls001163788 | ||
| 003 | SK-MaSNL | ||
| 005 | 20260302064721.0 | ||
| 008 | 251031s1973 it 0 cze | ||
| 035 | |a SNK000106729 | ||
| 040 | |a SNK |b slo |c SNK |e AACR2 | ||
| 041 | 1 | |a ita |h eng | |
| 044 | |a it |c IT | ||
| 080 | |a 173+176:28 |2 1981 | ||
| 080 | |a 176 |2 1981 | ||
| 080 | |a 28 |2 1981 | ||
| 100 | 1 | |a Trobisch, Walter, |d 1924-1979 |4 aut |9 244849 | |
| 240 | 1 | 0 | |a I married you |l Česky |
| 245 | 1 | 0 | |a Dva středy však jeden kruh |b Hovory o lásce a manželství |c Walter Trobisch ; Přel. Petr Ovečka |
| 260 | |a Řím |b Křesťanská akademie |c 1973 | ||
| 300 | |a 233 s. |c 20 cm | ||
| 700 | 1 | |a Ovečka, Petr |4 trl |9 727184 | |
| 852 | |a Slovenská národná knižnica | ||
| 954 | |a láska |a manželstvo | ||
| 958 | |a OND | ||
| 968 | |d Původní název angl. orig. | ||
| 999 | |c 1138921 |d 1140851 | ||
| 952 | |t P60, <04>, [BOOK], {604} |a SNK |b SNK |y VYP |7 0 |p 17A0097448 |o snkID 95085 |0 0 |1 0 |4 0 |d 1998-09-10 |l 0 |r 2005-01-01 00:00:00 |w 2026-02-24 | ||


